| 000 | 00595nam a22001577a 4500 | ||
|---|---|---|---|
| 005 | 20150319130043.0 | ||
| 008 | 150319b xxu||||| |||| 00| 0 eng d | ||
| 040 | _cPK-LaUMT | ||
| 082 |
_aKHC 297.72 _bSAM-M |
||
| 100 | _aسمیع الحق | ||
| 245 |
_aمشاہیر بنام شیخ الحدیث حضرت مولانا سمیع الحق _bجہادافغانستان اور دارالعلوم حقانیہ _cسمیع الحق |
||
| 260 |
_aخٹک _bموتمر المصنفین ، جامعھ دارالعلوم حقانیھ _c2012 |
||
| 300 | _a720 ص | ||
| 490 | _vجلد (ہفتم | ||
| 942 | _cBK | ||
| 999 |
_c68075 _d68075 |
||